| 000 | 00489 a2200193 4500 | ||
|---|---|---|---|
| 005 | 20240528151422.0 | ||
| 010 | _aB-759232 | ||
| 020 |
_a9789354717857 _c250.00 |
||
| 035 | _aB-759232 | ||
| 037 | _bGift | ||
| 082 | _aS | ||
| 100 |
_aMartin, Ann M. _967009 |
||
| 245 |
_aBaby Sitters Little Sister/ _cAnn M. Martin |
||
| 260 |
_aUK _bScholastic _c2023 |
||
| 270 | _aUK | ||
| 300 |
_a102 p. _c20 cm(Pb) |
||
| 942 |
_adpl _cCH _2ddc _hS _mMAR |
||
| 999 |
_c203336 _d203336 |
||